[Event "St Jean CC-ch"]
[Site "St Jean sur Richelieu"]
[Date "2002.03.06"]
[Round "3"]
[White "McAlpin, John Francis"]
[Black "Mongeau, Diane"]
[Result "1-0"]
[WhiteElo "1885"]
[BlackElo "1892"]
[PlyCount "72"]
[EventDate "2002.02.20"]
[EventType "swiss"]
[EventRounds "6"]
[EventCountry "CAN"]
[SourceTitle "EXT 2022"]
[Source "ChessBase"]
[SourceDate "2021.10.06"]
[SourceVersion "1"]
[SourceVersionDate "2021.10.06"]
[SourceQuality "1"]

1. d4 d5 2. c4 e6 3. Nc3 c6 4. cxd5 exd5 5. Nf3 Bf5 6. Bf4 Nf6 7. e3 Qb6 8. Qc1 Nbd7 9. a3 a5 10. Be2 Be7 11. 0-0 0-0 12. Na4 Qd8 13. Nc5 Nxc5 14. dxc5 a4 15. Nd4 Bg6 16. b4 axb3 17. Nxb3 Nd7 18. a4 Re8 19. a5 Bf6 20. Ra2 Ne5 21. Rd1 Qc8 22. Nd4 Bd8 23. Qc3 Bc7 24. Rda1 Nd7 25. Bxc7 Qxc7 26. a6 Nf6 27. Qb4 bxa6 28. Rxa6 Rab8 29. Rxc6 Qe5 30. Qa3 Ne4 31. Rb6 Rbc8 32. c6 f5 33. Nf3 Qf6 34. Rc1 f4 35. exf4 Qxf4 36. Ba6 Rc7 1-0